[Event "Regionalliga Nord 1718 (Women)"]
[Site "Germany"]
[Date "2018.02.18"]
[Round "5.1"]
[White "Kotyk, Valeriya"]
[Black "Freytag, Nicole"]
[Result "1-0"]
[WhiteElo "1755"]
[BlackElo "1721"]
[PlyCount "69"]
[EventDate "2017.10.15"]
[EventType "team-tourn"]
[EventRounds "5"]
[EventCountry "GER"]
[SourceTitle "CBM 183 Extra"]
[Source "ChessBase"]
[SourceDate "2018.04.19"]
[SourceVersion "1"]
[SourceVersionDate "2018.04.19"]
[SourceQuality "1"]
[WhiteTeam "Hamburger SK (W) III"]
[BlackTeam "Luebeck (W)"]
[WhiteTeamCountry "GER"]
[BlackTeamCountry "GER"]

1. d4 Nf6 2. c4 d6 3. Nc3 g6 4. e4 Bg7 5. Be2 0-0 6. Nf3 Nbd7 7. 0-0 e5 8. dxe5 dxe5 9. h3 a6 10. Bg5 Qe8 11. b4 h6 12. Be3 Kh7 13. Qc2 Rg8 14. Nd2 g5 15. Rfd1 Kh8 16. g4 Nf8 17. Nf1 Ng6 18. f3 Nf4 19. Kh2 h5 20. Ng3 Bf8 21. a3 Be6 22. Nf5 Bxf5 23. exf5 hxg4 24. hxg4 Rg7 25. Kg3 Qc6 26. Rh1+ Rh7 27. Rxh7+ Kxh7 28. Bd3 Ng8 29. Rh1+ Bh6 30. Bxf4 exf4+ 31. Kg2 Nf6 32. Ne4 Nxg4 33. fxg4 Re8 34. Kf2 Qb6+ 35. c5 1-0